00730nam a2200217Ia 4500003000900000005001700009008004100026040003300067041000800100080001300108100004000121245011100161260004400272300002100316490002200337650001800359650001400377942000700391952009700398999001700495LK-CoDNM20240828152324.0010623t1923 xxu||||| |||| 00| 1 sin d aLK-CoDNMdLK-CoDNMeLK-CoDNM asin a8A bG26 aDhammananada Thero,Dhammakitti Siri aAnguttaranikaya of the Sutta Pitaka : Bhadantacariya Buddhaghosa Thera's Manorathapurani or the Commentary bThe Tipitaka PublicationaColomboc1923 bx, 504p. : 25 cm vVol. XV - Part 1 aSuthra Pitaka aTripitaka cBK 001041708OBCaMAINbMAINcREFd2024-08-28l0o8A G26pOB6826r2024-08-28w2024-08-28yBK c91442d91442